Normal view
MARC view
Entry Topical Term
001 - CONTROL NUMBER
- control field: 25648
003 - CONTROL NUMBER IDENTIFIER
- control field: OSt
005 - DATE AND TIME OF LATEST TRANSACTION
- control field: 20211105134948.0
008 - FIXED-LENGTH DATA ELEMENTS
- fixed length control field: 211105|| aca||aabn | a|a d
040 ## - CATALOGING SOURCE
- Original cataloging agency: OSt
- Transcribing agency: OSt
150 ## - HEADING--TOPICAL TERM
- Topical term or geographic name entry element: Dynamic and chemical evolution
670 ## - SOURCE DATA FOUND
- Source citation: Work cat.: (OSt): Symposium on the Occasion of the 60th Birthday of Jean Audouze and James W Truran Paris, France 2000 Nov. 13-17 25647, Cosmic evolution, 2001